000 00368nam a2200133Ia 4500
008 240624s9999 xx 000 0 und d
041 _aeng
082 _a658.30089 PET
100 _aPETERSON MARK F
245 _aFOUNDATIONS OF CROSS CULTURAL MANAGEMENT
260 _c2008
_aLos Angeles
_bSage Publications
300 _axxxv, : 312 : p. : cm. ; 24
365 _cBPS
_b25
999 _c15610
_d15610